| 000 | 00648nam a22002177a 4500 | ||
|---|---|---|---|
| 003 | OSt | ||
| 005 | 20140310181917.0 | ||
| 008 | 130716t xxu||||| |||| 00| 0 eng d | ||
| 020 | _a9780931993039 | ||
| 050 |
_aLB 2844.1 _b.C712 1982 |
||
| 082 |
_aTR 371.1 _bC69 1982 |
||
| 100 |
_aCollins, S. Harold _91062 |
||
| 245 |
_aClassroom management for substitute teachers / _cby S. Harold Collins; illustrated by Kathy Kifer Howell. |
||
| 260 |
_aOregon : _bGarlic Dress, _cc1982. |
||
| 300 |
_a45 p. : _bill. ; _c28 cm. |
||
| 521 | _aFaculty | ||
| 541 | _j1 | ||
| 562 | _e1 | ||
| 650 |
_aClassroom management _974 |
||
| 942 |
_2lcc _cBK-TR _kTR |
||
| 999 |
_c6794 _d6794 |
||